[Event "Oberliga Wuerttemberg 1920"]
[Site "Wuerttemberg"]
[Date "2020.01.19"]
[Round "6.3"]
[White "Kessler, Luca"]
[Black "Lukovic, Vladimir"]
[Result "1/2-1/2"]
[WhiteElo "2450"]
[BlackElo "2273"]
[PlyCount "76"]
[EventDate "2019.09.15"]
[EventType "team-tourn"]
[EventRounds "9"]
[EventCountry "GER"]
[SourceTitle "EXT 2021"]
[Source "ChessBase"]
[SourceDate "2020.10.23"]
[SourceVersion "1"]
[SourceVersionDate "2020.10.23"]
[SourceQuality "1"]
[WhiteTeam "Weiler im Allgaeu"]
[BlackTeam "Jedesheim"]
[WhiteTeamCountry "GER"]
[BlackTeamCountry "GER"]

1. Nf3 d5 2. g3 Nf6 3. Bg2 g6 4. c4 c6 5. b3 Bg7 6. Bb2 0-0 7. 0-0 Bg4 8. d3 Bxf3 9. Bxf3 Re8 10. Nd2 e5 11. Bg2 Nbd7 12. Qc2 Bf8 13. e3 Bd6 14. a3 a5 15. Bc3 Qe7 16. Qb2 b5 17. b4 bxc4 18. dxc4 Rab8 19. Rfb1 e4 20. b5 Ng4 21. Qa2 Be5 22. Bxe5 Ndxe5 23. h3 Nf6 24. bxc6 dxc4 25. Nxe4 Nxe4 26. Bxe4 Rbc8 27. Rb7 Qf6 28. Bd5 Red8 29. e4 Rxc6 30. Rab1 Rcc8 31. f4 Rxd5 32. exd5 Nd3 33. Rb8 Qd4+ 34. Kh2 Rxb8 35. Rxb8+ Kg7 36. d6 c3 37. Rc8 Nb2 38. Rc7 Qf2+ 1/2-1/2

[Event "SUI-chT"]
[Site "Switzerland"]
[Date "2019.10.20"]
[Round "9.2"]
[White "Kessler, Luca"]
[Black "Flueckiger, Thomas"]
[Result "1-0"]
[WhiteElo "2420"]
[BlackElo "2215"]
[PlyCount "97"]
[EventDate "2019.03.10"]
[EventType "team-tourn"]
[EventRounds "9"]
[EventCountry "SUI"]
[SourceTitle "CBM 192 Extra"]
[Source "Chessbase"]
[SourceDate "2019.11.06"]
[SourceVersion "1"]
[SourceVersionDate "2019.11.06"]
[SourceQuality "1"]
[WhiteTeam "Wollishofen"]
[BlackTeam "Solothurn"]
[WhiteTeamCountry "SUI"]
[BlackTeamCountry "SUI"]

1. Nf3 f5 2. g3 Nf6 3. Bg2 g6 4. b3 Bg7 5. Bb2 0-0 6. 0-0 d6 7. d4 Ne4 8. Qc1 e6 9. c4 Nd7 10. Nbd2 Ndf6 11. Nxe4 Nxe4 12. Qe3 a5 13. Rac1 Qe8 14. Ne1 Nf6 15. Nd3 Ng4 16. Qd2 Bh6 17. f4 Nf6 18. Nf2 Qd8 19. e4 fxe4 20. Nxe4 Nxe4 21. Bxe4 d5 22. Bg2 c6 23. a4 Bg7 24. Rf3 Bd7 25. Ba3 Re8 26. Bd6 Bc8 27. c5 b5 28. Re1 Ra7 29. Be5 Rb7 30. Bxg7 Kxg7 31. Ra1 b4 32. Re1 Qf6 33. Re5 Rbe7 34. Qe2 Bb7 35. h4 h5 36. Bf1 Kf8 37. Qg2 Rh7 38. Bd3 Ree7 39. Qe2 Re8 40. Kg2 Qf7 41. Rfe3 Bc8 42. f5 gxf5 43. Bxf5 Rh6 44. Bh3 Ke7 45. Rf3 Qg7 46. Rff5 Rg6 47. Qe3 Rg8 48. Rf3 Qh7 49. Bf5 1-0

[Event "AUT-chT 1920"]
[Site "Austria"]
[Date "2019.10.12"]
[Round "3.1"]
[White "Danin, Alexandre"]
[Black "Kessler, Luca"]
[Result "1-0"]
[WhiteElo "2515"]
[BlackElo "2440"]
[PlyCount "219"]
[EventDate "2019.10.10"]
[EventType "team-tourn"]
[EventRounds "11"]
[EventCountry "AUT"]
[SourceTitle "EXT 2020"]
[Source "ChessBase"]
[SourceDate "2019.10.17"]
[SourceVersion "1"]
[SourceVersionDate "2019.10.17"]
[SourceQuality "1"]
[WhiteTeam "Raika Feffernitz"]
[BlackTeam "Goetzis"]
[WhiteTeamCountry "AUT"]
[BlackTeamCountry "AUT"]

1. e4 d6 2. d4 Nf6 3. Nc3 e5 4. Nf3 Nbd7 5. Bc4 Be7 6. 0-0 0-0 7. a4 c6 8. Ba2 Re8 9. h3 Qc7 10. Be3 Bf8 11. Re1 b6 12. Qe2 exd4 13. Bxd4 h6 14. Nh4 Bb7 15. Ng6 c5 16. Nxf8 Kxf8 17. Bxf6 Nxf6 18. Qd3 Qe7 19. Rad1 Rad8 20. Qd2 Bc6 21. f3 Rd7 22. Qf2 Qe5 23. Re2 Red8 24. Bc4 Re8 25. Red2 Red8 26. Re2 Re8 27. Rd3 Qh5 28. Red2 Red8 29. b3 Qg6 30. Bd5 Bxd5 31. Nxd5 Nxd5 32. Rxd5 Qe6 33. Qg3 f6 34. h4 Kf7 35. h5 Kf8 36. Qg6 Kg8 37. Kh2 Kh8 38. Kg3 Kg8 39. Qg4 Kf7 40. Qg6+ Kg8 41. R2d3 Kf8 42. Qh7 Kf7 43. Kh2 Kf8 44. Rd2 Kf7 45. g4 Kf8 46. Kg3 Re8 47. Qg6 Red8 48. R2d3 Kg8 49. Kf4 Kf8 50. Ke3 Qf7 51. Qf5 Ke7 52. Qf4 Qe6 53. Rd2 Ke8 54. Kf2 Ke7 55. Qe3 Kf7 56. Qd3 Ke7 57. Qb5 Rc7 58. Qc4 Rcd7 59. Kg3 Rc7 60. Rd1 Rcd7 61. Qd3 Rc7 62. Qc4 Rcd7 63. Kf2 Rc7 64. Ke2 Qc8 65. Kd2 Qe6 66. Kc1 Rcd7 67. Kb1 Rc7 68. Rg1 Kd7 69. f4 Kc8 70. e5 fxe5 71. fxe5 Kb7 72. Rgd1 Rc6 73. Qe4 Kb8 74. Qc4 Kb7 75. Ka2 Rd7 76. R1d3 Kc7 77. Kb1 Kb7 78. Qe4 Kb8 79. Qc4 Kb7 80. Qc3 g6 81. Qd2 gxh5 82. gxh5 Kc7 83. Qc3 Rd8 84. Qc4 Rd7 85. Rd1 Qe7 86. Qa6 Kb8 87. Qd3 Kc7 88. Qg6 Qf8 89. Qe6 Rd8 90. Qg6 Rd7 91. e6 Re7 92. Rf5 Qe8 93. Rf7 d5 94. Rxe7+ Qxe7 95. Re1 c4 96. Qxh6 cxb3 97. Qf4+ Kc8 98. cxb3 Qh7+ 99. Ka1 Qd3 100. Qe3 Qxe3 101. Rxe3 Kd8 102. Kb2 Ke7 103. h6 Rc8 104. h7 Rh8 105. Rh3 Kxe6 106. Kc3 Ke5 107. Kd3 Kf6 108. Kd4 Kg7 109. b4 a6 110. Rh2 1-0

[Event "AUT-chT 1920"]
[Site "Austria"]
[Date "2019.10.11"]
[Round "2.1"]
[White "Kessler, Luca"]
[Black "Saric, Ante"]
[Result "0-1"]
[WhiteElo "2440"]
[BlackElo "2557"]
[PlyCount "90"]
[EventDate "2019.10.10"]
[EventType "team-tourn"]
[EventRounds "11"]
[EventCountry "AUT"]
[SourceTitle "EXT 2020"]
[Source "ChessBase"]
[SourceDate "2019.10.17"]
[SourceVersion "1"]
[SourceVersionDate "2019.10.17"]
[SourceQuality "1"]
[WhiteTeam "Goetzis"]
[BlackTeam "St Veit"]
[WhiteTeamCountry "AUT"]
[BlackTeamCountry "AUT"]

1. c4 Nf6 2. Nf3 b6 3. g3 c5 4. Bg2 Bb7 5. 0-0 g6 6. Nc3 Bg7 7. d4 cxd4 8. Qxd4 d6 9. Rd1 Nbd7 10. Be3 Rc8 11. Rac1 a6 12. b3 0-0 13. Qh4 Re8 14. Bh6 Rc5 15. Bxg7 Kxg7 16. Qd4 Qa8 17. Na4 Ra5 18. Qd2 Qd8 19. Nc3 Rc5 20. Na4 Rc7 21. Qb4 Qb8 22. Qd2 Rec8 23. Qe3 b5 24. Nb2 Bxf3 25. exf3 Qb6 26. Qd2 d5 27. cxd5 Rxc1 28. Rxc1 Rxc1+ 29. Qxc1 Qd4 30. f4 Nb6 31. Qc2 Nbxd5 32. Bxd5 Nxd5 33. Nd3 Nc3 34. a3 Ne4 35. Kg2 f6 36. Kf3 g5 37. h3 Nd6 38. g4 Qe4+ 39. Kg3 gxf4+ 40. Kh2 Nf7 41. Nb4 Qf3 42. Qc5 h5 43. Nd5 hxg4 44. hxg4 Qxg4 45. Nxe7 Ne5 0-1

[Event "SUI-chT"]
[Site "Switzerland"]
[Date "2019.09.07"]
[Round "6.2"]
[White "Heimann, Andreas"]
[Black "Kessler, Luca"]
[Result "1/2-1/2"]
[WhiteElo "2609"]
[BlackElo "2420"]
[PlyCount "77"]
[EventDate "2019.03.10"]
[EventType "team-tourn"]
[EventRounds "9"]
[EventCountry "SUI"]
[SourceTitle "EXT 2020"]
[Source "ChessBase"]
[SourceDate "2019.10.17"]
[SourceVersion "1"]
[SourceVersionDate "2019.10.17"]
[SourceQuality "1"]
[WhiteTeam "Riehen"]
[BlackTeam "Wollishofen"]
[WhiteTeamCountry "SUI"]
[BlackTeamCountry "SUI"]

1. d4 Nf6 2. c4 e6 3. Nf3 Bb4+ 4. Nbd2 0-0 5. a3 Be7 6. e4 d6 7. Be2 Nbd7 8. Qc2 e5 9. Nb1 c6 10. Nc3 exd4 11. Nxd4 d5 12. exd5 cxd5 13. cxd5 Nb6 14. 0-0 Nbxd5 15. Nxd5 Qxd5 16. Rd1 Bg4 17. Bxg4 Nxg4 18. Nf5 Qe5 19. Nxe7+ Qxe7 20. Bf4 Rfd8 21. Rac1 h6 22. Re1 Rac8 23. Bc7 Qf8 24. Qa4 Re8 25. Bg3 Qe7 26. Qxe8+ Rxe8 27. Rxe7 Rxe7 28. f3 Ne5 29. Rc8+ Kh7 30. b4 Nc6 31. b5 Nd4 32. a4 Ne2+ 33. Kf2 Nxg3 34. hxg3 h5 35. a5 Re5 36. Ra8 Rxb5 37. Rxa7 Rb3 38. a6 bxa6 39. Rxa6 1/2-1/2

[Event "AUT-chT 1819"]
[Site "Austria"]
[Date "2019.01.19"]
[Round "7.4"]
[White "Kessler, Luca"]
[Black "Diermair, Andreas"]
[Result "0-1"]
[WhiteElo "2407"]
[BlackElo "2478"]
[PlyCount "74"]
[EventDate "2018.11.15"]
[EventType "team-tourn"]
[EventRounds "11"]
[EventCountry "AUT"]
[SourceTitle "CBM 188 Extra"]
[Source "ChessBase"]
[SourceDate "2019.02.26"]
[SourceVersion "1"]
[SourceVersionDate "2019.02.26"]
[SourceQuality "1"]
[WhiteTeam "Goetzis"]
[BlackTeam "Raika Feffernitz"]
[WhiteTeamCountry "AUT"]
[BlackTeamCountry "AUT"]

1. e4 e5 2. Nf3 Nc6 3. Bc4 Bc5 4. 0-0 Nf6 5. d3 0-0 6. c3 d5 7. exd5 Nxd5 8. Nbd2 Nb6 9. Bb5 Bd6 10. Ne4 f5 11. Nxd6 cxd6 12. d4 e4 13. Nd2 a6 14. Be2 Be6 15. f4 Qf6 16. a4 Qf7 17. Re1 Na5 18. b4 Nac4 19. d5 Ne3 20. Bh5 Nxd1 21. Bxf7+ Bxf7 22. Rxd1 Rac8 23. c4 e3 24. Nf3 Nxc4 25. Kf1 Rfe8 26. Rd3 Re4 27. a5 Rxf4 28. Ke2 Re4 29. Rb1 h6 30. b5 Rc5 31. bxa6 bxa6 32. Rb8+ Kh7 33. Rf8 Bg6 34. Rc3 f4 35. g3 fxg3 36. hxg3 Rxd5 37. Rb3 Bh5 0-1

[Event "SUI-chT"]
[Site "Switzerland"]
[Date "2018.04.15"]
[Round "2.1"]
[White "Ragger, Markus"]
[Black "Kessler, Luca"]
[Result "1-0"]
[WhiteElo "2657"]
[BlackElo "2454"]
[PlyCount "93"]
[EventDate "2018.03.25"]
[EventType "team-tourn"]
[EventRounds "9"]
[EventCountry "SUI"]
[SourceTitle "EXT 2019"]
[Source "ChessBase"]
[SourceDate "2018.10.10"]
[SourceVersion "1"]
[SourceVersionDate "2018.10.10"]
[SourceQuality "1"]
[WhiteTeam "Riehen"]
[BlackTeam "Wollishofen"]
[WhiteTeamCountry "SUI"]
[BlackTeamCountry "SUI"]

1. e4 e5 2. Nf3 Nc6 3. Bc4 Nf6 4. d3 Be7 5. 0-0 0-0 6. Re1 d6 7. a4 Na5 8. Ba2 c5 9. c3 Nc6 10. Na3 a6 11. h3 Bd7 12. Bd2 Rb8 13. Nc2 b5 14. axb5 axb5 15. Ne3 h6 16. Nh2 Re8 17. Qf3 Be6 18. Nhg4 Nxg4 19. Bxe6 fxe6 20. Qxg4 Bf8 21. Qg6 Qg5 22. Qxg5 hxg5 23. Ra6 Rec8 24. Rea1 b4 25. Nc4 bxc3 26. bxc3 Be7 27. Kf1 Rc7 28. Ke2 Kf7 29. Be3 Rb3 30. Kd2 Ke8 31. Kc2 Rb8 32. Ra8 Rxa8 33. Rxa8+ Nd8 34. Nb6 Rc6 35. Rb8 Bf6 36. Kb3 Rc7 37. Kc4 Rb7 38. Rxb7 Nxb7 39. Kb5 Nd8 40. Ka6 Nf7 41. Kb7 Kd8 42. Kc6 Be7 43. Bd2 Bf8 44. c4 Be7 45. Ba5 Bf6 46. f3 g6 47. Nd5+ 1-0

[Event "AUT-chT 1718"]
[Site "Austria"]
[Date "2018.04.06"]
[Round "10.5"]
[White "Rogic, Davor"]
[Black "Kessler, Luca"]
[Result "1-0"]
[WhiteElo "2501"]
[BlackElo "2422"]
[PlyCount "79"]
[EventDate "2017.11.16"]
[EventType "team-tourn"]
[EventRounds "11"]
[EventCountry "AUT"]
[SourceTitle "EXT 2019"]
[Source "ChessBase"]
[SourceDate "2018.10.10"]
[SourceVersion "1"]
[SourceVersionDate "2018.10.10"]
[SourceQuality "1"]
[WhiteTeam "St Veit"]
[BlackTeam "Goetzis"]
[WhiteTeamCountry "AUT"]
[BlackTeamCountry "AUT"]

1. e4 e5 2. Nf3 Nc6 3. Bb5 a6 4. Ba4 Nf6 5. 0-0 Be7 6. Re1 b5 7. Bb3 d6 8. c3 0-0 9. h3 Nb8 10. d4 Nbd7 11. Nbd2 Bb7 12. Bc2 Re8 13. b3 Bf8 14. Bb2 g6 15. Bd3 Nh5 16. a4 c6 17. Qc2 Nf4 18. Bf1 Rc8 19. c4 exd4 20. Bxd4 Ne6 21. Bc3 d5 22. axb5 axb5 23. Qb1 b4 24. Bb2 Ndc5 25. e5 Bh6 26. Qc2 Qb6 27. Nh2 Nd7 28. Ng4 Bg7 29. Qd3 Ra8 30. Nf3 Rxa1 31. Bxa1 Nec5 32. Qd1 Qa5 33. Bd4 Ne4 34. cxd5 cxd5 35. Qc1 Rf8 36. Qf4 f5 37. exf6 Ndxf6 38. Nh6+ Kh8 39. Ne5 g5 40. Nef7+ 1-0

[Event "AUT-chT 1718"]
[Site "Austria"]
[Date "2018.01.19"]
[Round "6.3"]
[White "Kessler, Luca"]
[Black "Buhmann, Rainer"]
[Result "0-1"]
[WhiteElo "2422"]
[BlackElo "2567"]
[PlyCount "52"]
[EventDate "2017.11.16"]
[EventType "team-tourn"]
[EventRounds "11"]
[EventCountry "AUT"]
[SourceTitle "EXT 2019"]
[Source "ChessBase"]
[SourceDate "2018.10.10"]
[SourceVersion "1"]
[SourceVersionDate "2018.10.10"]
[SourceQuality "1"]
[WhiteTeam "Goetzis"]
[BlackTeam "Maria Saal"]
[WhiteTeamCountry "AUT"]
[BlackTeamCountry "AUT"]

1. e4 e6 2. Qe2 Be7 3. Nf3 d5 4. d3 Nf6 5. g3 c5 6. Bg2 0-0 7. 0-0 b5 8. e5 Nfd7 9. h4 Nc6 10. Bf4 Bb7 11. c3 a5 12. Nbd2 a4 13. a3 b4 14. c4 Nb6 15. Rfd1 Rb8 16. b3 Ra8 17. Bg5 h6 18. Bxe7 Qxe7 19. axb4 Nxb4 20. bxa4 Nxa4 21. Nb1 Rfd8 22. Ra3 Bc6 23. Nc3 Nxc3 24. Rxc3 Ra2 25. Qf1 d4 26. Rb3 Ba4 0-1

[Event "SUI-chT"]
[Site "Switzerland"]
[Date "2017.10.14"]
[Round "8.3"]
[White "Kessler, Luca"]
[Black "Ermeni, Avni"]
[Result "1-0"]
[WhiteElo "2454"]
[BlackElo "2263"]
[PlyCount "63"]
[EventDate "2017.03.19"]
[EventType "team-swiss"]
[EventRounds "9"]
[EventCountry "SUI"]
[SourceTitle "EXT 2019"]
[Source "ChessBase"]
[SourceDate "2018.10.10"]
[SourceVersion "1"]
[SourceVersionDate "2018.10.10"]
[SourceQuality "1"]
[WhiteTeam "Wollishofen"]
[BlackTeam "Neuchatel"]
[WhiteTeamCountry "SUI"]
[BlackTeamCountry "SUI"]

1. e4 e5 2. Nf3 Nc6 3. d4 exd4 4. Nxd4 Qh4 5. Nc3 Bb4 6. Be2 Nf6 7. 0-0 d6 8. Nf3 Qh5 9. Nd5 Nxd5 10. exd5 Ne7 11. Ng5 Qg6 12. Bh5 Qf6 13. Nxf7 g6 14. Nxh8 Bf5 15. Nxg6 hxg6 16. Bg4 0-0-0 17. c3 Bc5 18. Be3 Kb8 19. Qf3 Bxe3 20. fxe3 Qe5 21. Bxf5 gxf5 22. Rad1 Rh8 23. Qf4 Qf6 24. Rd4 Rh5 25. Qf3 Qh6 26. Qf4 Qh7 27. h3 Qg8 28. e4 Ng6 29. Qg3 Qf7 30. exf5 Rxf5 31. Rxf5 Qxf5 32. Rg4 1-0

[Event "Mitropa Cup 36th"]
[Site "Balatonszarszo"]
[Date "2017.09.21"]
[Round "5.3"]
[White "Pechac, Jergus"]
[Black "Kessler, Luca"]
[Result "1/2-1/2"]
[WhiteElo "2442"]
[BlackElo "2431"]
[PlyCount "87"]
[EventDate "2017.09.17"]
[EventType "team-tourn"]
[EventRounds "9"]
[EventCountry "HUN"]
[SourceTitle "CBM 180 Extra"]
[Source "ChessBase"]
[SourceDate "2017.10.06"]
[SourceVersion "1"]
[SourceVersionDate "2017.10.06"]
[SourceQuality "1"]
[WhiteTeam "Slovakia"]
[BlackTeam "Austria"]
[WhiteTeamCountry "SVK"]
[BlackTeamCountry "AUT"]

1. b3 Nf6 2. Bb2 e6 3. g3 c5 4. Bg2 d5 5. Nf3 Be7 6. 0-0 0-0 7. c4 Nc6 8. cxd5 Nxd5 9. d4 cxd4 10. Nxd4 Bd7 11. Nc3 Nxc3 12. Bxc3 Rc8 13. Rc1 Ba3 14. Rc2 Qe7 15. Nxc6 Bxc6 16. Qd4 e5 17. Qxe5 Qxe5 18. Bxe5 Bxg2 19. Rxc8 Rxc8 20. Kxg2 Re8 21. f4 f6 22. Bd4 Rxe2+ 23. Rf2 Rxf2+ 24. Kxf2 a6 25. f5 Kf7 26. Ke3 Ke7 27. Ke4 Kd6 28. g4 Bc1 29. b4 Kc6 30. h4 h5 31. g5 fxg5 32. Bxg7 gxh4 33. f6 h3 34. Kf3 Ba3 35. f7 Bxb4 36. f8R Bxf8 37. Bxf8 Kd5 38. Kg3 Kc4 39. Kxh3 b5 40. a3 a5 41. Kh4 b4 42. Bxb4 axb4 43. axb4 Kxb4 44. Kxh5 1/2-1/2

[Event "Innsbruck op-A 1st"]
[Site "Innsbruck"]
[Date "2017.08.30"]
[Round "6"]
[White "Kessler, Luca"]
[Black "Henrichs, Thomas"]
[Result "1/2-1/2"]
[WhiteElo "2432"]
[BlackElo "2489"]
[PlyCount "36"]
[EventDate "2017.08.25"]
[EventType "swiss"]
[EventRounds "9"]
[EventCountry "AUT"]
[SourceTitle "CBM 180 Extra"]
[Source "ChessBase"]
[SourceDate "2017.10.06"]
[SourceVersion "1"]
[SourceVersionDate "2017.10.06"]
[SourceQuality "1"]

1. d4 Nf6 2. Nf3 g6 3. Nbd2 c5 4. dxc5 Qa5 5. a3 Qxc5 6. b4 Qc7 7. Bb2 Bg7 8. c4 d6 9. e3 Nbd7 10. Be2 b6 11. 0-0 Bb7 12. Rc1 0-0 13. Qb3 Rac8 14. Rfd1 Qb8 15. Ba1 Qa8 16. Rc2 Rc7 17. Rdc1 Rfc8 18. Qa2 a6 1/2-1/2

[Event "Innsbruck op-A 1st"]
[Site "Innsbruck"]
[Date "2017.08.29"]
[Round "5"]
[White "Mirzoev, Azer"]
[Black "Kessler, Luca"]
[Result "1/2-1/2"]
[WhiteElo "2535"]
[BlackElo "2432"]
[PlyCount "119"]
[EventDate "2017.08.25"]
[EventType "swiss"]
[EventRounds "9"]
[EventCountry "AUT"]
[SourceTitle "CBM 180 Extra"]
[Source "ChessBase"]
[SourceDate "2017.10.06"]
[SourceVersion "1"]
[SourceVersionDate "2017.10.06"]
[SourceQuality "1"]

1. d4 Nf6 2. Nf3 g6 3. Nbd2 d5 4. e3 Bg7 5. b4 c6 6. c4 a5 7. b5 a4 8. Ba3 0-0 9. Be2 cxb5 10. cxb5 Nbd7 11. 0-0 Re8 12. Rc1 Nb6 13. Ne5 e6 14. Qc2 Bf8 15. Bxf8 Rxf8 16. f4 Ne8 17. Qc5 f6 18. Nd3 Rf7 19. Qb4 Qe7 20. Nc5 Nd6 21. a3 e5 22. fxe5 fxe5 23. dxe5 Qxe5 24. Rxf7 Kxf7 25. Rc3 Bf5 26. Nf3 Qe7 27. Nxb7 Ndc4 28. Qxe7+ Kxe7 29. Nd4 Bd7 30. Nc5 Be8 31. Bf3 Kd6 32. Na6 Ra7 33. h4 Re7 34. Kf2 Ra7 35. Kg3 Re7 36. Kf4 h6 37. Nb4 Bd7 38. Ndc6 g5+ 39. hxg5 hxg5+ 40. Kxg5 Rxe3 41. Rxe3 Nxe3 42. Kf4 Nec4 43. Nc2 Kc5 44. Be2 Kxb5 45. Ne5 Be8 46. g4 Kc5 47. g5 Kd6 48. Nd3 Bg6 49. Nde1 Nd7 50. Bd3 Bxd3 51. Nxd3 Ke6 52. Nd4+ Kf7 53. Nb5 Kg6 54. Nb4 d4 55. Nd3 Nf8 56. Nc5 Nh7 57. Nxa4 Nxg5 58. Nc5 Nxa3 59. Nxa3 Kf6 60. Ne4+ 1/2-1/2

[Event "EU-ch 18th"]
[Site "Minsk"]
[Date "2017.06.05"]
[Round "6"]
[White "Bortnyk, Olexandr"]
[Black "Kessler, Luca"]
[Result "1/2-1/2"]
[WhiteElo "2567"]
[BlackElo "2431"]
[PlyCount "250"]
[EventDate "2017.05.30"]
[EventType "swiss"]
[EventRounds "11"]
[EventCountry "BLR"]
[SourceTitle "CBM 179"]
[Source "ChessBase"]
[SourceDate "2017.07.12"]
[SourceVersion "1"]
[SourceVersionDate "2017.07.12"]
[SourceQuality "1"]

1. e4 e5 2. Nf3 Nc6 3. Bb5 a6 4. Ba4 Nf6 5. d3 d6 6. c3 g6 7. 0-0 Bg7 8. Nbd2 0-0 9. Re1 b5 10. Bc2 Nd7 11. Nf1 Bb7 12. Bg5 Qc8 13. Qd2 Re8 14. Rad1 Nf8 15. Bh6 Nb8 16. d4 Nbd7 17. Ng3 Ne6 18. Bb3 Bh8 19. h4 Qd8 20. Ng5 Nxg5 21. hxg5 Nb6 22. f4 exf4 23. Rf1 Nc4 24. Rxf4 Re7 25. Qf2 Qe8 26. Rf1 Rd8 27. Bd1 c5 28. b3 Nb6 29. Rf6 cxd4 30. e5 dxe5 31. Rxb6 e4 32. Rxb7 Rxb7 33. Qf4 Re7 34. cxd4 Rxd4 35. Be2 Qd8 36. Rc1 Re8 37. Nf1 e3 38. Qf3 Qe7 39. Rc6 Rd6 40. Rc2 Bd4 41. Nh2 f6 42. gxf6 Bxf6 43. Ng4 Bg7 44. Bf4 Rd7 45. Qh3 Rd2 46. Rc7 Qxc7 47. Bxc7 Rxe2 48. Kh2 Rc2 49. Ba5 e2 50. Qd3 Rc1 51. a4 e1Q 52. Bxe1 Rcxe1 53. axb5 axb5 54. Qd6 h5 55. Nf6+ Kf7 56. Nd7 Be5+ 57. Nxe5+ R8xe5 58. Qd7+ Kf6 59. Qd8+ Kf5 60. Qd7+ Kf6 61. Qd8+ Kg7 62. Qd7+ Kh6 63. Qd8 Re8 64. Qd7 R1e5 65. Qf7 R8e7 66. Qg8 Kg5 67. Qd8 Kf5 68. Qd3+ Kf6 69. Qd8 Kg7 70. Qd4 Kf7 71. Qf4+ Rf5 72. Qh6 Rf6 73. Qh7+ Ke6 74. Qg8+ Kf5 75. Qd5+ Re5 76. Qf3+ Ke6 77. Qc6+ Kf7 78. Qb7+ Ke6 79. Qc6+ Kf7 80. Qb7+ Re7 81. Qxb5 Kg7 82. Qd5 Kh7 83. Qd8 Rff7 84. b4 Rb7 85. Qd5 Rfe7 86. Qc5 Re6 87. b5 Reb6 88. Qc4 Rxb5 89. Qc6 Rb2 90. Qe4 Rf7 91. Qe6 Rbf2 92. Qe4 R2f5 93. Qe6 R5f6 94. Qe4 Rf4 95. Qe6 Rf2 96. Qe4 Rd7 97. Qe6 Rdd2 98. Qe7+ Kh6 99. Qe3+ Kg7 100. Qe7+ Rf7 101. Qe5+ Kh7 102. Qe6 Rdd7 103. Qe3 Rde7 104. Qd2 Rf6 105. Qd8 Rfe6 106. Qd3 Re3 107. Qd4 Re2 108. Qd3 Rf2 109. Kh3 Ree2 110. Qd7+ Kh6 111. Qd4 Rxg2 112. Qh8+ Kg5 113. Qxh5+ Kf4 114. Qh6+ Ke4 115. Qh4+ Kf5 116. Qg4+ Ke5 117. Qc8 Rgf2 118. Kg3 Kf6 119. Qh8+ Kf7 120. Qh7+ Kf8 121. Qh8+ Kf7 122. Qh7+ Kf6 123. Qh8+ Kg5 124. Qh4+ Kf5 125. Qh3+ Kf6 1/2-1/2

[Event "SUI-chT"]
[Site "Switzerland"]
[Date "2016.10.08"]
[Round "8.4"]
[White "Jenni, Florian"]
[Black "Kessler, Luca"]
[Result "1/2-1/2"]
[WhiteElo "2453"]
[BlackElo "2396"]
[PlyCount "63"]
[EventDate "2016.03.20"]
[EventType "team-tourn"]
[EventRounds "9"]
[EventCountry "SUI"]
[SourceTitle "EXT 2017"]
[Source "ChessBase"]
[SourceDate "2016.10.25"]
[SourceVersion "1"]
[SourceVersionDate "2016.10.25"]
[SourceQuality "1"]
[WhiteTeam "Winterthur"]
[BlackTeam "Wollishofen"]
[WhiteTeamCountry "SUI"]
[BlackTeamCountry "SUI"]

1. e4 c5 2. Nf3 e6 3. c3 Nf6 4. e5 Nd5 5. d4 cxd4 6. cxd4 d6 7. Bc4 Be7 8. 0-0 0-0 9. Qe2 b6 10. Re1 Bb7 11. a3 Nd7 12. Bxd5 Bxd5 13. Nc3 Bb7 14. Bf4 dxe5 15. dxe5 Nc5 16. Red1 Qe8 17. Nd4 Rd8 18. b4 Rxd4 19. Rxd4 Nb3 20. Rad1 Nxd4 21. Rxd4 Qc6 22. Ne4 Rd8 23. Rxd8+ Bxd8 24. f3 Qd5 25. Qd2 Qxd2 26. Bxd2 Bc7 27. Nd6 Bxd6 28. exd6 Kf8 29. a4 Ke8 30. a5 Kd7 31. axb6 axb6 32. Be3 1/2-1/2